00398nam a2200109Ia 4500008004100000082001300041100001500054245010300069942000600172952009500178999001500273240331s9999 xx 000 0 und d a301bGID aGiddens, A 0aPolitics, sociology and social theory :bencounters with classical and contemporary social thought cL 001040708LaWERCLbWERCLcSSCd2024-03-31l0o 301 GIDp2306r2024-03-31w2024-03-31yL c1010d1010